Normal view
MARC view
- Chichera, Ernst De .
Entry Personal Name
001 - CONTROL NUMBER
- control field: 1674
003 - CONTROL NUMBER IDENTIFIER
- control field: OSt
005 - DATE AND TIME OF LATEST TRANSACTION
- control field: 20161006140240.0
008 - FIXED-LENGTH DATA ELEMENTS
- fixed length control field: 161006|| aca||aabn | a|a d
040 ## - CATALOGING SOURCE
- Original cataloging agency: OSt
- Transcribing agency: OSt
100 ## - HEADING--PERSONAL NAME
- Personal name: Chichera, Ernst De .
670 ## - SOURCE DATA FOUND
- Source citation: Work cat.: (OSt)5463: Enright, D J . 1673, English Critical Texts: 16-20 Century / , 1970.
